00810 a2200205 450000500170000000800410001702000150005804000500007304100080012310000330013124501300016425000300029426000710032430000180039550000570041365000380047065000250050870000310053370000400056420170425081550.0150115s2000 sp ||||gr|||| 00| f spa d a8481093068 aCO-BoUCMbspacJose A. GerenadJose A. Gerena1 aspa1 aBaum, Lyman Frankd1856-191913aEl mago de OZcL. Frank Baum ; ilustrada por Javier Pagola, epílogo de Ray Bradbury ; traducción de Herminia Dauer Cirlot aEdición del centenario  aBarcelona (España)bGalaxia GutenbergbCirculo de lectoresc2000 a213 páginas aEdición del centenario ilustrada por Javier Pagola 7aNovela estadounidense ySiglo XIX 7aNovela fantástica 1 aPagola, Javiereilustrador1 aBradbury, Rayd1920-2012eprólogo